Fokus und Balance. Aufbau und Wachstum industrieller Netzwerke. Am Beispiel von VW/Zwickau, Jenoptik/Jena und Schienenfarzeugbau/Sachsen-Anhalt /
Saved in:
| Main Author: | |
|---|---|
| Format: | Book |
| Language: | German |
| Published: |
Wiesbaden :
Westdeutscher Verlag,
2000
|
| Edition: | [1. Aufl.] |
| ISBN: | 3531135171 |
| Online Access: |
|
| Tags: |
Add Tag
No Tags, Be the first to tag this record!
|
MARC
| LEADER | 00000nam a2200000 4500 | ||
|---|---|---|---|
| 003 | SK-BrCVT | ||
| 005 | 20220617205946.0 | ||
| 008 | 011003s2000 gw e ||||||ger d | ||
| 020 | |a 3531135171 | ||
| 035 | |a CVTIDW0958627 | ||
| 040 | |b slo |a CVTI SR | ||
| 041 | 0 | |a ger | |
| 044 | |a gw | ||
| 080 | |a 338.45 |2 UDC-MRF | ||
| 100 | 1 | |a Hessinger, Philipp | |
| 242 | 1 | 0 | |a Fókus a rovnováha. Štruktúra a rozvoj priemyselných sietí. Napríklad VW/Zwickau, Jenoptik/Jena a železničné staviteľstvo/Sachsen-Anhalt |
| 245 | 1 | 0 | |a Fokus und Balance. Aufbau und Wachstum industrieller Netzwerke. Am Beispiel von VW/Zwickau, Jenoptik/Jena und Schienenfarzeugbau/Sachsen-Anhalt / |c Autoren: Philipp Hessinger und Kol. |
| 250 | |a [1. Aufl.] | ||
| 260 | |a Wiesbaden : |b Westdeutscher Verlag, |c 2000 | ||
| 300 | |a 394 s. : |b lit., obr., tab. ; | ||
| 910 | |b A577532 | ||
| 919 | |a 3-531-13517-1 | ||
| 974 | |f Knihy | ||
| 992 | |a AZN | ||
| 999 | |c 123106 |d 123106 | ||

